Quizzes
Events
Quiz Creation
Community
Videos
Private Events
Remove Ads
Sign In
Join for FREE
Feedback
Dark Mode
Quiz Categories
Sports
Geography
Music
Movies
Television
Just For Fun
Miscellaneous
History
Literature
Language
Science
Gaming
Entertainment
Religion
Holiday
For Kids
Quiz Lab
Recent
Popular Today
Quiz Kudos Today
Editor Picks
Curator Picks
Quizzes by...
Day
Popularity
Type
Ratings
Length
Year
Community
Subscriptions
Recent Discussions
Orange Saloon
Badges
Playlists
Quests
Create
Leaderboards
Showdown
Live 5
Trivia Bingo
Activity
Puzzle Library
Sporcle Events
Private Events
Virtual Trivia
Globe League
Become a Host
Pub Owners
SporcleCon
Opinionation
Our Games
Videos
Blog
Mobile Apps
Partnerships
Remove Ads and Go Orange
Feedback
Entertainment
Celebrity
Famous
Musical
Broadway
Show
Quote
Comic Books
Anime
Superhero
DC Comics
Marvel
Cartoons
Animation
Entertainment
Celebrity
Famous
Musical
Broadway
Show
Quote
Comic Books
Anime
Superhero
DC Comics
Marvel
Cartoons
Animation
Random Quiz
Search Sporcle
×
Quiz Lab
Quiz Lab
Entertainment
Celebrity
Type in answers that appear in a list
Type in answers that appear in a list
Classic
Best Score? Go Orange.
Impossible Celebrity Couples Stats
Can you name the celebrities in these impossible couples?
By
llgrmm
5m
24 Questions
593 Plays
593 Plays
593 Plays
Comments
Comments
Give Quiz Kudos
Give Quiz Kudos
-
- Ratings
hide this ad
More Info
Replay
Link that replays current quiz
Next Quiz
Link to next quiz in quiz playlist
You Got
0%
They Got
Avg Score
53%
Avg Friend Score
Upgrade to see
Score Distribution
Jump to the score distribution portion of the page
Score
0/24
Timer
05:00
0
Plays Today
Number
Celebrity
% Correct
10
Leonardo Dicaprio
89.9%
10
Marilyn Monroe
85.2%
11
Mariah Carey
79.6%
1
Elvis Presley
78.6%
2
Paris Hilton
78.1%
4
George Clooney
75.5%
6
Johnny Depp
74.5%
3
Halle Berry
72.3%
9
Keira Knightley
70.2%
1
Amy Winehouse
67.6%
7
Scarlett Johansson
64.8%
5
Demi Moore
61%
Number
Celebrity
% Correct
9
Frank SInatra
51.4%
4
Grace Kelly
49.4%
2
Cary Grant
44.7%
5
Roger Moore
41.8%
11
Marlon Brando
41.1%
8
Megan Fox
38.8%
12
Peter Sellers
31.9%
6
Ingrid Bergman
31.2%
12
Claudia Schiffer
28.7%
7
Gary Cooper
13.3%
8
Johnny Weissmuller
11.5%
3
Harry Belafonte
9.8%
Quiz Playlist
Details
Report
Send in Message
Add To Playlist
More Info:
Last names will do, except for *nr 5, where first and last names are required.
Classic:
Type in answers that appear in a list
Quiz Source
Last Updated: Feb 16, 2017
Quiz Scoreboard
CHALLENGE
Sign Up to Join the Scoreboard
Show All
Scores
Hide
Comments
May contain spoilers
Recently Published
Movies - When Are They Set?
by FPL_Elf
Movies
5m
Popular People in 1961
by mucciniale
History
6m
1-10 Letter E Words III
by El_Dandy
Language
2m
More to Explore
Quiz From the Vault
Featured Blog Post
Where Did the Easter Bunny Come From?
hide this ad
You Might Also Like...
Tags
Celebrity Quiz
couple
impossible
Today's Top Quizzes in Entertainment
Browse Entertainment
hide this ad
Today's Top Quizzes in Celebrity
Browse Celebrity
Top Contributed Quizzes in Entertainment
1
Kamen Rider Motifs
2
Dragon Ball Z: Goku's Fights in Order
3
Dragon Ball Z: Mega Character Search
4
One Piece Arcs By Order III
5
Survivor Winners Logic Quiz
6
Undead Unluck Minefield
7
Criteria Quickie: Cartoon Taxonomy II
8
Marvel Characters Bunker
9
Who Wants to Be a Millionaire: Anime Edition
10
Demon Slayer 11-1
Explore More
Trending Topics
Harry Potter
Kpop
NBA
Marvel
Anime
Crossword
Disney
Song
WWE
Pokémon
Puzzle
NFL
Country
Soccer
The Office
hide this ad
More By:
llgrmm
Quiz
Plays
Rating
Category
Featured
Created
TV Series by Wives
82,050
3.97
Television
Oct 29, 2011
Movie Dragons
73,577
4.26
Movies
Dec 31, 2011
World Landmarks Close-Up
58,639
3.94
Geography
Mar 31, 2011
Gender Benders
9,504
4.25
Entertainment
Jul 1, 2011
Cryptic Songtitles (pics)
5,858
3.88
Music
Jul 15, 2011
Go to Creator's Profile
Score Distribution
Quiz Creator Spotlight
llgrmm
Follow
Send a Message
Quizzes Created
-
Created Quiz Play Count
-
More By This Creator
Popular Quizzes Today
1
Find the US States - No Outlines Minefield
2
Find the Countries of Europe - No Outlines Minefield
3
The Countries of the World
4
Popular People in 1961
5
1-10 Letter E Words III
6
US States
7
Find the US States
8
One Thing in Common: World Cities II
More Entertainment Quizzes
'J' Cartoon Characters by Picture
Published
Trending Quizzes
Risky Map Clicking: Least Populous States A-Z
1-10 Letter F Words
1-10 Letter G Words
One Thing in Common: United Kingdom
Risky Map Clicking: Next State Alphabetically
Recently Updated
Leaping Animals
pecheneg
Reality TV Shows (A-Z)
bhenderson79
Rickey Henderson's Hall of Fame Teammates
pecheneg
Champions League XIs: Arsenal
pecheneg
Quick Pick: Celebrities in WWE's Hall of Fame
aduchscher
A-Z Keypad Blitz II
pecheneg
Multiple Oscar Actors
pecheneg
Mystery Phrase Blitz: Oscar 'Best Actors'
pecheneg
F. Scott Fitzgerald Novels
LTH
Pick 3 Villains
ddd62291
Trending Topics
Anime
Marvel
Kpop
Crossword
Disney
Harry Potter
NBA
WWE
Soccer
Country
NFL
The Office
Puzzle
Song
Pokémon
Your Account Isn't Verified!
In order to create a playlist on Sporcle, you need to verify the email address you used during registration. Go to your
Sporcle Settings
to finish the process.
Report this User
Report this user for behavior that violates our
Community Guidelines
.
Details:
Send Report
Go to the Sporcle.com Mobile Site →
Comments